Česká koruna nebo euro?
Prehľad základných teórií v oblasti voľby medzi domácou a zahraničnou menou, vrátane teórie optimálnej menovej oblasti. Analýza českého hospodárstva po roku 1993 a identifikácia platobnej bilancie ako hlavnej prekážky trvalého rastu.
Salvato in:
| Autore principale: | |
|---|---|
| Altri autori: | |
| Natura: | Capitolo di libro |
| Lingua: | ceco |
| Soggetti: | |
| Tags: |
Nessun Tag, puoi essere il primo ad aggiungerne!!
|
MARC
| LEADER | 00000naa a2200000 4500 | ||
|---|---|---|---|
| 001 | r042207 | ||
| 005 | 20231002111323.0 | ||
| 041 | 0 | |a cze | |
| 044 | |a CZ | ||
| 245 | 1 | 0 | |a Česká koruna nebo euro? |c Antonín Rusek, William A. Ward |
| 520 | |a Prehľad základných teórií v oblasti voľby medzi domácou a zahraničnou menou, vrátane teórie optimálnej menovej oblasti. Analýza českého hospodárstva po roku 1993 a identifikácia platobnej bilancie ako hlavnej prekážky trvalého rastu. | ||
| 610 | 2 | 0 | |a euro |
| 610 | 2 | 0 | |a koruna |
| 610 | 2 | 0 | |a Česko |
| 610 | 2 | 0 | |a politika menová |
| 610 | 2 | 0 | |a bilancia platobná |
| 610 | 2 | 0 | |a rast hospodársky |
| 610 | 2 | 0 | |a analýzy |
| 100 | 1 | |a Rusek, Antonín | |
| 700 | 1 | |a Ward, William A. | |